| 000 | 01325nam a2200289 a 4500 | ||
|---|---|---|---|
| 003 | CO-ViMGA | ||
| 005 | 20230915233125.0 | ||
| 008 | 120118s2011 ck a gr 00010 spa d | ||
| 020 | _a9789589342428 | ||
| 040 |
_aCO-ViMGA _bspa _cCO-ViMGA |
||
| 082 | 0 | 4 |
_a028 _bC65l1 _221 |
| 111 | 2 |
_aCongreso Nacional de Lectura _d2011 : _c(Bogotá, Colombia) _92660 |
|
| 245 | 1 | 4 |
_aLos lenguajes de la infancia : _bcrecer entre relatos y juegos / _cmemorias del 10 C͡ongreso Nacional de Lectura, Bogotá, 3 al 6 de mayo de 2011 ; traducción Paula Botero, Martha Kovacsis y María Cristina Rincón. |
| 250 | _aEdición María Cristina Rincón. | ||
| 260 |
_aBogotá : _bFundalectura, _c2011. |
||
| 300 |
_a288 p. : _bil. ; _c24 cm. |
||
| 650 | 1 | 4 |
_aBibliotecas _v Congresos, conferencias, etc. _92666 |
| 650 | 1 | 4 |
_aLibros y lectura _v Congresos, conferencias, etc. _92665 |
| 650 | 1 | 4 |
_aEducación preescolar _v Congresos, conferencias, etc. _92663 |
| 650 | 1 | 4 |
_aJuegos educativos _v Congresos, conferencias, etc. _92662 |
| 650 | 1 | 4 |
_aLectura _x Enseñanza preescolar _v Congresos, conferencias, etc. _92664 |
| 650 | 1 | 4 |
_aPromoción de lectura _v Congresos, conferencias, etc. _92661 |
| 700 | 1 |
_aBotero, Paula, _etr. _92667 |
|
| 700 | 1 |
_aKovacsis, Martha. _92669 |
|
| 700 | 1 |
_aRincón, María Cristina, _etr. _92668 |
|
| 942 |
_2ddc _cBK |
||
| 999 |
_c35333 _d35333 |
||